000 00315nam a2200133 i 4500
001 bg
100 1 _aŁOPUSZAŃSKI, Jan.
245 0 0 _aRachunek spinorów.
_nT.11 /
_cJan Łopuszański.
260 _aWarszawa,
_c1985.
040 _cBPK
041 _apol
942 _cKS
008 s pl f |000 0 pol
999 _c28104
_d28104
856 _uhttp://koha.tu.koszalin.pl/cgi-bin/koha/opac-detail.pl?biblionumber=28104
_yKatalog online BPK